000 01209cab a2200373 4500
001 ABS52818
008 090401t1995 xxu||||| |||| 00| 0 eng d
035 _a(Sirsi) u323
041 _aeng
100 _aSherwood, P.T.
245 4 _aThe use of waste and recycled materials in roads
260 _c1995
350 _a0
490 _aProceedings of the Institution of Civil Engineers
_v111(2) May 1995, 116-124(9)
520 _aDetails the properties and potential uses of waste and recycled materials and explores their commercial viability as alternative materials in road construction.
650 _aAGGREGATES
650 _aASPHALT
650 _aBLASTFURNACE SLAG
650 _aBUILT ENVIRONMENT-BUILDING MATERIALS
650 _aCHINA CLAY
650 _aCOLLIERY SPOIL
650 _aENVIRONMENTAL IMPACT
650 _aPOWER STATIONS
650 _aRECYCLED MATERIALS
650 _aRECYCLING
650 _aROAD CONSTRUCTION
650 _aPROPERTY-INFRASTRUCTURE-TRANSPORT INFRASTRUCTURE-ROAD INFRASTRUCTURE
650 _aSPOIL TIPS
650 _aSTEEL SLAG
650 _aWASTE RECYCLING
690 _aBUILT ENVIRONMENT-BUILDING MATERIALS
942 _n0
948 _c04/03/1997
999 _c124
_d124